MARC

LEADER 00000nab a2200000 a 4500
001 vtls000147616
003 SK-MaSNL
005 20260303174547.0
008 111104c1983 xo 0 slo
015 |a SNBRB19rr/mm-uuuuu 
035 |a CL0157723 
040 |a SNKBUCL  |b slo  |c SNKBUCL  |e AACR2 
041 0 |a slo 
044 |a xo  |c SK 
080 |a 885.4-1(087.5)  |2 1981 
100 1 |a Ferko, Milan,  |d 1929-2010  |4 aut  |9 134529 
245 1 0 |a Pionierska  |c M. Ferko 
500 |a Noty. V rubrike Pioniersky zápisník 
650 0 7 |a detské piesne  |2 snkbucl  |9 3415 
650 0 7 |a literatúra pre deti a mládež  |2 snkbucl  |9 21893 
655 7 |a články z novín a časopisov  |2 snkbucl  |9 267496 
655 7 |a články z odboru literárna veda a krásna literatúra  |2 snkbucl  |9 770045 
773 0 |t Pionier  |g Č. 8 (1983), s. 10 
850 |a Slovenská národná knižnica v Martine  |a MTA001 
852 |a SNK  |b KIS3GCP 
958 |a RK 
958 |a LX 
992 |a RBX 
999 |c 2097421  |d 2099351